00314nam a2200097Ia 4500008004100000041000800041100002700049245008400076260003700160999001900197241105s9999 xx 000 0 und d aeng aDeshmukh Medha9182275 aLife Cycle Energy And Analysis Of Commercial Buildings In India : A Case Study. bM.Arch Environmental, Punec2012 c360562d360562